| 000 | 01131nam a22002535a 4500 | ||
|---|---|---|---|
| 003 | OSt | ||
| 005 | 20170228120030.0 | ||
| 008 | 170220s2010 ua frb 000 0 ara d | ||
| 040 |
_aEG-ScBUE _bara _cEG-ScBUE |
||
| 043 | _af-ua--- | ||
| 082 | 0 | 4 |
_a346.6203 _bس ل ي _222 |
| 100 | 1 | _aسليم، محمد محي الدين إبراهيم. | |
| 245 | 1 | 0 |
_aأحكام مساءلة المتبوع عن خطأ التابع : _bفي الفقه الإسلامي والقانون المدني : دراسة مقارنة / _cمحمد محي الدين إبراهيم سليم. |
| 260 |
_a[د. م. : _bد. ن.]، _c2010 _e(قويسنا، المنوفية : _fمطبعة حمادة الحديثة) |
||
| 300 |
_a215 ص. ؛ _c24 سم. |
||
| 504 | _aيشتمل على إرجاعات ببليوجرافية. | ||
| 650 | 7 |
_aالمسئولية المدنية _xقوانين وتشريعات _zمصر _2BUEsh |
|
| 650 | 7 |
_aالقانون المدني _zمصر. _2BUEsh |
|
| 650 | 7 |
_aالخطأ (قانون) _zمصر. _2BUEsh |
|
| 650 | 7 |
_aالخطأ (فقه إسلامي) _2BUEsh |
|
| 651 | _2BUEsh | ||
| 653 |
_bLLAAWW _cFebruary2017 |
||
| 942 | _2ddc | ||
| 999 |
_c24206 _d24178 |
||